Vontade de Saber História 8º ano
Saved in:
| Main Author: | |
|---|---|
| Other Authors: | |
| Format: | Book |
| Language: | Portuguese |
| Published: |
São Paulo
FTD
2015
|
| Edition: | 3ª ed. |
| Textbook Catalogue: | MANES: Library Catalog Search Result |
| Textbook Classification: |
|
| Series: | Vontade de saber
|
| Tags: |
Add Tag
No Tags, Be the first to tag this record!
|
| Added to: | 2025-04-02 |
| Changed in: | 2025-05-07 |
MARC
| LEADER | 00000nam a22000007a 4500 | ||
|---|---|---|---|
| 005 | 20250507124324.0 | ||
| 008 | 250403b |||||||| |||| 00| 0 por d | ||
| 040 | |a centro_manes |c Ponta_Grossa | ||
| 100 | |a Pellegrini, Marco César |9 44768 |c Professor graduado em História pela UEL-PR; Autor de livros didáticos de História para o Ensino Fundamental e Médio; Editor de livros na área de ensino de História; Atuou como professor de História em escolas da rede particular de ensino | ||
| 245 | |a Vontade de Saber História 8º ano | ||
| 250 | |a 3ª ed. | ||
| 260 | |a São Paulo |b FTD |c 2015 | ||
| 300 | |a 304 p. |c 27 x 20 cm. | ||
| 440 | |a Vontade de saber |9 44769 | ||
| 500 | |a Possui atividades, imagens coloridas e mapas. 1- Construindo a História; 2- O Antigo Regime; 3- O Iluminismo; 4- A Revolução Americana; 5- A Revolução Francesa e o Império Napoleônico; 6- A Revolução Industrial; 7- As independências na América espanhola; 8- A independência do Brasil; 9- A consolidação da independência brasileira; 10- O apogeu do Império do Brasil; 11- O fim da Monarquia e a proclamação da República; 12- A África no século XIX. | ||
| 546 | |a Brasil | ||
| 561 | |5 br-UEPG |a Brasil. Universidade Estadual de Ponta Grossa |k MANES | ||
| 690 | |a HI | ||
| 691 | |a SE | ||
| 700 | |a Dias, Adriana Machado |9 44766 |c Professora graduada em História pela UEL-PR; Especialista em História Social e Ensino de História pela UEL-PR; Autora de livros didáticos de História para o Ensino Fundamental e Ensino Médio; atuou como professora de História em escolas da rede particular de ensino |a Grinberg, Keila |9 44767 |c Professora graduada em História pela UFF-RJ; Doutora em História Social pela UFF-RJ; Professora do Departamento de História da UNIRIO-RJ | ||
| 942 | |2 ddc |c BK | ||
| 999 | |c 104366 |d 104366 | ||
| 999 | |c manes:104366 |d 104366 | ||